000 01091nam a2200349 a 4500
001 59651
003 CO-BoRNBP
005 20251027201943.0
007 ta
008 030321s2006 sp gr 00011bspa d
020 _a8466629130
040 _aCO-BoBLA
_bspa
_cCO-BoBLA
041 1 _aspa
_heng
043 _an-us---
082 0 4 _a813.5
_bV73p
_219
100 1 _aVreeland Joyce, Susan,
_d1946.
_966226
245 1 3 _aLa pasión de Artemisia /
_cSusan Vreeland ; traducción Borja Folch y Sonia Tapia.
250 _a1a. edición
300 _a393 p. ;
_c23 cm.
336 _2rdacontent
_atexto
_btxt
337 _2rdamedia
_asin mediación
_bn
338 _2rdacarrier
_avolumen
_bnc
534 _tThe passion of Artemisa.
600 1 7 _aGentileschi, Artemisia,
_d1593-1651
_v Novela.
_966227
650 7 _aNovela estadounidense.
_2BLAAUTO
_9761
650 7 _aPintura
_v Novela.
_2BLAAUTO
_966228
650 7 _aMujeres pintoras
_v Novela.
_2BLAAUTO
_966229
700 1 _aFolch, Borja,
_etr.
_966230
700 1 _aTapia, Sonia,
_etr.
_937606
942 _2ddc
_cBK
949 _an
_bn
999 _c59651
_d59651